Statistiques concernant Culture Générale - Série 466

Cliquez ici pour prendre le quiz!

Statistiques générales

  • Ce quiz a été pris 156 fois
  • Le résultat moyen est 4 sur 10

Statistiques - réponses

QuestionRéponse% Correct
Dans quelle grande ville française peut‐on se promener sur la place Stanislas, rénovée à l'occasion de son 250e anniversaire ?Nancy
78%
Quelle est la capitale de la Sicile ?Palerme
69%
En pleine guerre froide, sur quelle place s'est posé un certain Mathias Rust avec son avion en 1987 ?Place Rouge
58%
Quel grand écrivain a son musée place des Vosges à Paris ?Victor Hugo
57%
Quelle place parisienne s'est appelée autrefois place de la Révolution ?Place de la Concorde
46%
Dans "Le Vieil Homme et la mer", contre quel poisson se bat Santiago, 3 jours durant ?espadon
36%
Quelle ville de Lombardie est connue pour son lac en forme de Y renversé ?Côme
33%
Quel animal a sa statue sur la place Puerta del Sol à Madrid ?ours
24%
D'après les paroles du tube "Voyage en Italie", quel groupe va à Capri ?Lilicub
16%
Quelle place a été chantée par Calogero en 2002 ?Tien An Men
11%

Distribution des résultats

Percentile par nombre de réponses

% des personnes avec chaque résultat

Votre développement - résultats

Vous n’avez pas pris ce quiz